Dokumenty Evropské unie O paktu stability

Pakt stability.

Enregistré dans:
Détails bibliographiques
Format: Chapitre de livre
Langue:tchèque
Sujets:
Tags: Ajouter un tag
Pas de tags, Soyez le premier à ajouter un tag!

MARC

LEADER 00000naa a2200000 4500
001 r024167
005 20221213082246.0
041 0 |a cze 
044 |a CZ 
245 1 0 |a Dokumenty Evropské unie  |b O paktu stability 
520 |a Pakt stability. 
610 2 0 |a Európska únia 
610 2 0 |a dokumenty 
610 2 0 |a 1994